|
|
|
|
| LEADER |
01306nam a2200337 a 4500 |
| 001 |
41271 |
| 003 |
BD-DhAAL |
| 008 |
230606t1998 caua b 001 0 eng d |
| 010 |
|
|
|a 97062349
|
| 020 |
|
|
|a 0966086309 (v. 1 : pbk.)
|
| 020 |
|
|
|a 9780966086300
|
| 040 |
|
|
|a DLC
|c DLC
|d BD-DhAAL
|
| 050 |
0 |
0 |
|a HG4661
|b .K43 1998
|
| 082 |
|
|
|a 332.63
|2 23
|
| 100 |
1 |
|
|a Khan, Arshad.
|9 54471
|
| 245 |
1 |
0 |
|a Stock investing for everyone.
|n Volume 1 /
|c Arshad Khan and Vaqar Zuberi.
|
| 260 |
|
|
|a San Jose, Calif. :
|b Stocks Advisory Group,
|c c1998.
|
| 300 |
|
|
|a xvii, 217 pages :
|b illustrations ;
|c 23 cm
|
| 362 |
|
|
|a Vol. 1
|
| 504 |
|
|
|a Includes bibliographical references (pages [73]-93) and index.
|
| 505 |
0 |
|
|a v. 1. Select stocks the fast & easy way
|
| 541 |
|
|
|a Donated By Akbar Ali Khan
|e 41271
|
| 650 |
|
0 |
|a Stocks
|z United States.
|
| 650 |
|
0 |
|a Investments.
|
| 650 |
|
0 |
|a Finance, Personal.
|
| 700 |
1 |
|
|a Zuberi, Vaqar.
|9 54472
|
| 710 |
2 |
|
|a Stocks Advisory Group.
|9 54473
|
| 852 |
|
|
|a Ayesha Abed Library
|c Akbar Ali Khan Collection
|
| 942 |
|
|
|2 ddc
|c BK
|
| 999 |
|
|
|c 45848
|d 45848
|
| 952 |
|
|
|0 0
|1 0
|2 ddc
|4 0
|6 332_630000000000000_KHA
|7 1
|9 73738
|a BRACUL
|b BRACUL
|c AAKC
|d 2023-06-06
|e Donated By Akbar Ali Khan
|g 1613.00
|l 2
|m 26
|o 332.63 KHA
|p 3010041271
|q 2026-06-02
|r 2026-03-03
|s 2026-03-03
|t 1
|w 2023-06-06
|y BK
|x USD 14.95
|